000 00738nam a2200229 i 4500
003 DO-SdBNP
005 20230622115226.0
007 ta
008 190806s1980 000 spa d
040 _aDO-SdBNP
_bspa
_cBNPHU
_erda
082 4 _bR426r
_222
110 1 _aRepública Dominicana.
_bSecretariado Técnico de la Presidencia. Oficina Nacional de Estadística
_910866
245 0 0 _aRepública Dominicana en cifras 1980.
264 _aSanto Domingo :
_bOficina Nacional de Estadística,
_c1980.
300 _a380 páginas :
_c20 cm.
336 _2rdacontent
_atexto
_btxt
337 _2rdamedia
_asin mediación
_bn
338 _2rdacarrier
_avolumen
_bnc
590 _aInventariado, 2021 / DG
910 _aD/G
942 _2ddc
_cLBS1
999 _c48744
_d48744